Fishing and hunting : The art and cunning of hunting the hart, stag, hare, ... The management of a horse, ... The method of hawking ... Of cock-fighting. To play on bowling greens, tennis, &c. The art of fishing ...

Bibliographic Details
Format: eBook
Language:English
Published: London : Thomas Bailey, printer, [1720?]
Series:Eighteenth century collections online.
Online Access:Full text online

MARC

Tag First Indicator Second Indicator Subfields
LEADER 00000cam a2200000 4500
001 in00001843721
006 m | d |
007 cr |n||||||||n
008 850628s1720 enk|||| s 00| ||eng d
005 20260407222210.4
035 |a (CStRLIN)ESTCN18836 
040 |a Cu-RivES  |c Cu-RivES  |d CStRLIN  |d Thomson Gale  |d UtOrBLW 
245 0 0 |a Fishing and hunting :  |b The art and cunning of hunting the hart, stag, hare, ... The management of a horse, ... The method of hawking ... Of cock-fighting. To play on bowling greens, tennis, &c. The art of fishing ... 
264 1 |a London :  |b Thomas Bailey, printer,  |c [1720?] 
300 |a 64p. ;  |c 8⁰. 
336 |a text  |b txt  |2 rdacontent 
337 |a computer  |b c  |2 rdamedia 
338 |a online resource  |b cr  |2 rdacarrier 
500 |a Horizontal chain lines. 
500 |a Reproduction of original from the Harvard University Farlow Reference Library. 
510 4 |a English Short Title Catalog,  |c ESTCN18836. 
533 |a Electronic reproduction.  |b Farmington Hills, Mich. :  |c Thomson Gale,  |d 2003.  |n Available via the World Wide Web.  |n Access limited by licensing agreements  |7 s2003 miunns 
500 |a Electronic resource. 
830 0 |a Eighteenth century collections online. 
856 4 0 |u http://proxy.library.tamu.edu/login?url=https://galenet.galegroup.com/servlet/ECCO?c=1&stp=Author&ste=11&af=BN&ae=N018836&tiPG=1&dd=0&dc=flc&docNum=CW125678043&vrsn=1.0&srchtp=a&d4=0.33&n=10&SU=0LRH&locID=txshracd2898  |z Full text online  |t 0 
999 |a MARS 
999 f f |s e7bec9f1-b829-31a6-8780-abfdd2bb72f2  |i 67f3d3fc-1824-311c-bcc5-2cee9dc3f53f  |t 0 
952 f f |a Texas A&M University  |b College Station  |c Electronic Resources  |s www_evans  |d Available Online  |t 0  |h No information provided 
998 f f |t 0  |l Available Online